Größte Städte Südamerikas - Statistiken

Allgemein
  • Dieses Quiz wurde 224 mal gespielt
  • Das Durchschnittsergebnis liegt bei 13 aus 20
Antwortstatistiken
Einwohner Stadt % Korrekt
12.5 Mio. Rio de Janeiro
99%
16.7 Mio. Buenos Aires
98%
22.1 Mio. Sao Paulo
96%
10.4 Mio. Bogota
95%
11.8 Mio. Lima
95%
8.25 Mio. Santiago
93%
3.975 Mio. Brasilia
91%
3.825 Mio. Caracas
85%
2.825 Mio. Quito
77%
4.925 Mio. Belo Horizonte
69%
4.275 Mio. Medellin
66%
3.675 Mio. Recife
56%
2.95 Mio. Cali
52%
3.925 Mio. Porto Alegre
50%
3.20 Mio. Salvador
49%
3.575 Mio. Fortaleza
45%
3.425 Mio. Curitiba
42%
3.30 Mio. Guayaquil
34%
3.25 Mio. Campinas
21%
2.80 Mio. Maracaibo
19%
Keine übereinstimmenden Quizze gefunden
Verteilung der Resultate
Anzahl Personen mit jedem Resultat
Perzentil nach korrekt beantworteten Fragen
Ihre Resultats-Entwicklung
Sie haben dieses Quiz noch nicht gespielt